| 000 | 01446cab a2200241 4500 | ||
|---|---|---|---|
| 001 | ABS67448 | ||
| 008 | 040204n2003 000 0 eng u | ||
| 035 | _a(Sirsi) u125026 | ||
| 245 | _aWilliams and others v Glyn Owen and Co | ||
| 260 | _C2003 | ||
| 490 |
_aEstates Gazette _v(0404) 24 January 2004, 110-117(18) |
||
| 520 | _a[2003] EWCA Civ 750, 11 June 2003. Appellant (W) and three other partners in a farming partnership appealed against the amount of damages awarded against firm of solicitors (G) in a negligence action on the grounds of delayed completion. The judge awarded £591.75 damages to W representing interest from the contractual completion date until actual completion on the basis that W should have mitigated his losses by taking proceedings against vendor. CA in recognising that W would have had the chance of making a profit if completion notice had been served awarded damages of £4 238 for loss of profit. W's duty to mitigate did not require him to take proceedings for damages against vendor. View at www.bailii.org. | ||
| 590 | _aABS | ||
| 650 | _aWILLIAMS AND OTHERS V GLYN OWEN AND CO | ||
| 650 | _aNEGLIGENCE | ||
| 650 | _aLATE COMPLETION | ||
| 650 | _aDAMAGES | ||
| 650 | _aLOSS OF PROFITS | ||
| 650 | _aSOLICITORS | ||
| 690 | _aMANAGEMENT-BUSINESS MANAGEMENT-PROFESSIONAL PRACTICE | ||
| 856 |
_uhttps://www.bailii.org/ew/cases/EWCA/Civ/2003/750.html _zView on the BAILII website. |
||
| 942 | _n0 | ||
| 999 |
_c74111 _d74111 |
||